000 00870nam a2200277 i 4500
003 DO-SdBNP
005 20250918143959.0
007 ta
008 250918b2000 dr ||||| |||| 00| 0 spa d
020 _a8484009572
040 _aDO-SdBNP
_bspa
_cBNPHU
_erda
041 _aspa
082 4 _axxx
_bxxx
_222
100 _aHeadrick, William C.,
_eautor
_4aut.
_935949
245 1 0 _aCompendio jurídico dominicano /
_cWilliam C. Headrick ; prólogo, Manuel Berges Chupani
250 _aSegunda edición aplianda
264 4 _aSanto Domingo :
_bEditora Taller,
_c©2000.
300 _a503 páginas ;
_c29 cm.
336 _atexto
_btxt
_2rdacontent
337 _asin mediación
_bn
_2rdamedia
338 _avolumen
_bnc
_2rdacarrier
590 _aInventariado, 2025/BT
700 1 _aBerges Chupani, Manuel,
_eprologuista
_4pr.
_98440
910 _aBtavárez
942 _2ddc
_cLBS1
999 _c59895
_d59895